Normal view
MARC view
- Cayaban Lee, Dominica.
Entry Personal Name
001 - CONTROL NUMBER
- control field: 60482
003 - CONTROL NUMBER IDENTIFIER
- control field: OSt
005 - DATE AND TIME OF LATEST TRANSACTION
- control field: 20240910103925.0
008 - FIXED-LENGTH DATA ELEMENTS
- fixed length control field: 240910|| aca||aabn | a|a d
040 ## - CATALOGING SOURCE
- Original cataloging agency: OSt
- Transcribing agency: OSt
100 ## - HEADING--PERSONAL NAME
- Personal name: Cayaban Lee, Dominica.
- Relator term: author.
670 ## - SOURCE DATA FOUND
- Source citation: Work cat.: (OSt): Cayaban Lee, Dominica. author., The implementation of the constructivism approach in Sta. Magdalena district /, October 2019.
